000
00263nam a22001217a 4500
041
_a
ENG
100
_a
Danesh .A
245
_a
Teach Yourself Java Script In A Week
260
_a
India
_b
Sams Net
_c
1996
300
_a
543
650
_a
Computer
856
_u
Computer
999
_c
737
_d
737